000 00453nam a2200181Ia 4500
001 11260
005 20260306161933.0
008 260306t1992||||xx |||||||||||||| ||spa||
041 _aESP
082 _a985.02
_bD37
100 _aPuente y Candamo, José A. de la
_eAUT
245 0 _aLa identidad peruana en lo hispanoamericano
260 _c1992
300 _a43 páginas :
_c18 cm.
650 _aGEN
654 _aCHU
942 _cLIB
_dJUS
_fJUS
_2ddc
_n
999 _c11260
_d11260